1815 1345 1101 1155 1589 1252 1993 1870 1291 1331 1646 1233 1130 1206 1763 1851 1141 1413 1799 1714 1096 1779 1507 1489 1369 1700 1358 1264 1461 1240 1868 1801 1286 1251 1782 1473 1931 1968 1901 1236 1276 1284 1871 1123 1018 1555 1454 1896 1569 1827 1112 1228 1552 1480 1652 1723 1654 1562 1556 1856 1048 1461 1765 1244 1504 1684 1370 1658 1108 1376 1855 1689 1107 1032 1937 1237 1298 1488 1055 1396 1803 1174 1993 1095 1971 1861 1571 1334 1800 1341 1255 1721 1277 1616 1942 1891 1092 1918 1897 BCNSPRNW ULIB Ver.6.0+V

เปลี่ยนเป็นภาษาไทย

Change to English
 แสดงรายละเอียดบรรณานุกรม
  กลับหน้าหลัก

Brief Record : Get Marc (ISO 2709) : E-mail record : QR code < ปิดหน้าต่าง
LEADER : 00000nam 2200000uu 4500
001    13399111803
003     ULIB
008    110708s2543||||th 000 0 tha d
020    9747881047
050 04 DS570.4^bศ317พ 2543
110 1  คู่คิด
245 10 พระศรีสุริโยทัย วีรกษัตรีคนสำคัญแห่งกรุงศรีอยุธยา /^cคู่คิด
260    กรุงเทพฯ :^bคู่คิด,^c2543
300    117 หน้า :^bภาพประกอบ
650  7 พระศรีสุริโยทัย^xพระราชประวัติ
945    ^p75^l0^i013090
995    ทศพร
999 ^a ใช้งานได้ทุกระบบ
รายการนี้ยังไม่มีแท็ก
คุณยังไม่ได้ล็อกอิน คุณสามารถมีกิจกรรมร่วมกับเว็บไซต์ได้ แต่ต้องล็อกอินก่อน ::
  ล็อกอิน

รายการสื่อสารสนเทศ

ลำดับที่ ประเภท เลขเรียก/บาร์โค้ด สถานที่ สถานะ
- ไม่พบข้อมูล -

BibComment


ยังไม่เคยถูกคอมเมนท์

คอมเมนท์ทรัพยากรรายการนี้
  คอมเมนท์: พระศรีสุริโยทัย ว..


 Copyright 2026. Bcnsprnw @Library